Statistics for Western Sahara Trivia

Click here to take the quiz!

General Stats

  • This quiz has been taken 415 times
  • The average score is 8 of 15

Answer Stats

HintAnswer% Correct
Line of latitude that runs through Western SaharaTropic of {Cancer}
90%
African country that annexed Western Sahara together with Morocco in 1976Mauritania
88%
Spanish island chain located off the northern shore of Western SaharaCanary Islands
84%
Country that occupied Western Sahara in the late 20th centurySpain
83%
Only country less densely populated than Western Sahara
(if Western Sahara was a country)
Mongolia
79%
Country that has been in direct support of Western Sahara since 1976Algeria
73%
Western Sahara is part of this region that starts with MMaghreb
72%
Western Sahara is a full member of this international body - which caused Morocco
leaving it in 1984, but it rejoined in 2017
African Union
58%
Western Sahara is Africa's largest ______ regionDisputed
51%
Most populous cityLaayoune
48%
Name of the government in exile of Western Sahara that controls its eastern parts{Sahrawi} Arab
Democratic Republic
41%
Liberation movement that established the above{Polisario} Front
32%
Substance that is mined and makes about 62% of Western Sahara's exportsPhosphate
18%
"B" term that refers to a space separating two areas - often used to refer to line
between Western Sahara and Morocco
Berm
14%
Term for the violent Western Saharan uprisings which occurred in 1999–2005Intifada
14%

Score Distribution

Percentile by Number Answered

Percent of People with Each Score

Your Score History

You have not taken this quiz